Towns in Norfolk County Massachusetts - Statistics

General Stats
  • This quiz has been taken 222 times
  • The average score is 16 of 28
Answer Stats
Hint Answer % Correct
Q Quincy
76%
D Dedham
71%
N Norfolk
70%
M Medfield
69%
F Franklin
67%
W Walpole
65%
B Braintree
63%
C Canton
63%
S Sharon
63%
W Westwood
63%
M Medway
62%
M Millis
60%
N Norwood
60%
W Wrentham
60%
F Foxborough
59%
N Needham
57%
S Stoughton
57%
R Randolph
52%
D Dover
50%
P Plainville
48%
M Milton
45%
W Weymouth
45%
A Avon
44%
W Wellesley
42%
B Bellingham
41%
B Brookline
37%
H Holbrook
34%
C Cohasset
28%
No matching quizzes found
Score Distribution
Percent of People with Each Score
Percentile by Number Answered
Your Score History
You have not taken this quiz